000 00530cam a2200157 4500500
005 20260201094956.0
041 _afre
042 _adc
100 1 0 _aTerrel-Salmon, Françoise
_eauthor
245 0 0 _aOuverture
260 _c2005.
500 _a78
520 _aResumé Dieu et l’Europe. Jean Boissonnat. Desclée de Brouwer, 2005, 178p., 19,50 Euros
786 0 _nRevue Projet | 289 | 6 | 2005-06-01 | p. 52-52 | 0033-0884
856 4 1 _uhttps://shs.cairn.info/revue-projet-2005-6-page-52?lang=fr&redirect-ssocas=7080
999 _c1640809
_d1640809